[Event "ch-ARG s/f"]
[Site "Buenos Aires ARG"]
[Date "2006.03.22"]
[Round "2"]
[White "Goldwaser,C"]
[Black "Needleman,A"]
[Result "1-0"]
[WhiteElo "2257"]
[BlackElo "2371"]

1.d4 Nf6 2.c4 g6 3.Nf3 Bg7 4.g3 O-O 5.Bg2 d6 6.Nc3 c6 7.O-O Qa5 8.h3 e5 9.e4 Nbd7
10.Be3 exd4 11.Nxd4 Qb4 12.Qb3 a5 13.Nc2 Qxb3 14.axb3 Nc5 15.Rfd1 Nfd7 16.Ra3 Re8
17.Bd4 Bf8 18.b4 axb4 19.Rxa8 bxc3 20.b4 Ne6 21.Ra3 Nxd4 22.Nxd4 Bg7 23.Rxc3 c5
24.Nb5 Bxc3 25.Nxc3 cxb4 26.Nb5 Nc5 27.Nxd6 Rd8 28.e5 Bf5 29.Rd5 Ne6 30.Rb5 Ra8
31.Rxb4 Ra1+ 32.Kh2 Ra2 33.g4 Bd3 34.Kg3 g5 35.Rxb7 Nf4 36.Bd5 Ra3 37.Kh2 Ra2
38.Rxf7 Nxd5 39.cxd5 Bg6 40.Rd7 Rd2 41.Kg3 Kf8 42.e6 Be8 43.e7+  1-0

[Event "Liguilla Femenina"]
[Site "Lima PER"]
[Date "2006.04.02"]
[Round "2"]
[White "Morales Mendoza,L"]
[Black "Calle,M"]
[Result "1-0"]
[WhiteElo "2154"]
[BlackElo "2127"]

1.d4 Nf6 2.Nf3 g6 3.c4 Bg7 4.g3 O-O 5.Bg2 d6 6.O-O Nc6 7.h3 e5 8.Nc3 exd4
9.Nxd4 Nxd4 10.Qxd4 Ng4 11.Qd2 Ne5 12.b3 Rb8 13.Bb2 a6 14.Rac1 Be6 15.Rfd1 Qd7
16.Kh2 h5 17.f4 Nc6 18.Ne4 Qe7 19.Bxg7 Kxg7 20.b4 h4 21.Qc3+ f6 22.g4 Kh7
23.b5 Nd8 24.Rf1 f5 25.Ng5+ Kh6 26.gxf5 gxf5 27.Qe1 Kg7 28.Qxh4 Rh8 29.Qg3 Kf8
30.Rce1 axb5 31.cxb5 Bxa2 32.e4 Qg7 33.Qf2 Bc4 34.Qa7 Rc8 35.Rg1 Bxb5 36.exf5 c6
37.Qe3 Qf6 38.Qe8+ Kg7 39.Re7+ Kh6 40.Qd7  1-0

[Event "4th V.Nabokov Mem"]
[Site "Kyiv UKR"]
[Date "2006.04.05"]
[Round "3"]
[White "Pavlov,S2"]
[Black "Moliboga,V"]
[Result "1/2-1/2"]
[WhiteElo "2451"]
[BlackElo "2297"]

1.Nf3 g6 2.c4 Bg7 3.d4 Nf6 4.g3 d6 5.Bg2 O-O 6.Nc3 Nbd7 7.O-O e5 8.e4 c6
9.h3 Re8 10.Re1 a5 11.Be3 exd4 12.Nxd4 Nc5 13.Qc2 Nfd7 14.Rad1 a4 15.f4 Qa5
16.Bf2 Qb4 17.a3 Qa5 18.Kh2  1/2-1/2

[Event "TCh-HUN 2005-6"]
[Site "Hungary HUN"]
[Date "2006.04.09"]
[Round "10"]
[White "Nagy,Danie"]
[Black "Glatt,G"]
[Result "1/2-1/2"]
[WhiteElo "2239"]
[BlackElo "2283"]

1.d4 Nf6 2.c4 g6 3.Nf3 Bg7 4.g3 O-O 5.Bg2 d6 6.Nc3 Nbd7 7.O-O e5 8.h3 c6
9.e4 exd4 10.Nxd4 Qb6 11.Re1 Ng4 12.hxg4 Bxd4 13.Re2 Bg7 14.Be3 Qb4 15.a3 Qxc4
16.Qxd6 Ne5 17.f3 Be6 18.Rd1 Qa6 19.Rf2 Qa5 20.Qc5 Qxc5 21.Bxc5 Rfe8 22.Bf1 b6
23.Be3 Rad8 24.Kg2 Nc4 25.Bxc4 Bxc4 26.Rfd2 Rxd2+ 27.Rxd2 Be6 28.Kf2 Kf8
29.Rd6 Rc8 30.Bd4 Bxd4+ 31.Rxd4 f6 32.Ke3 Ke7 33.Kf4 Rf8 34.Rd2 Bg8 35.Ne2 g5+  1/2-1/2

[Event "32nd ch-IND w"]
[Site "Visakhapatnam IND"]
[Date "2006.04.10"]
[Round "9"]
[White "Meenakshi,S1"]
[Black "Iswarya,S"]
[Result "1-0"]
[WhiteElo "2289"]
[BlackElo "2150"]

1.d4 Nf6 2.c4 g6 3.Nf3 Bg7 4.g3 d6 5.Bg2 O-O 6.O-O Nc6 7.Nc3 e5 8.dxe5 dxe5
9.Bg5 Be6 10.Qa4 Qc8 11.Nd2 Nd4 12.e3 Nf5 13.Bxf6 Bxf6 14.Nd5 Bd8 15.Nb3 c6
16.Nc3 Nd6 17.Nd2 Bh3 18.Rfd1 Bxg2 19.Kxg2 f5 20.Nf3 Nf7 21.c5 Bf6 22.e4 f4
23.Qc4 Kh8 24.Rd3 Ng5 25.Nxg5 Bxg5 26.f3 Qc7 27.Rad1 Rad8 28.Qe6 Rxd3 29.Rxd3 Qe7
30.Qxe7 Bxe7 31.gxf4 exf4 32.Rd7 Bxc5 33.Rxb7 Rd8 34.Kh3 Rd2 35.Kg4 Be3 36.Kg5 Rd8
37.e5 Rf8 38.Ne4 Rf5+ 39.Kg4 h5+ 40.Kh3 Bd4 41.Nf6 Rxf6 42.exf6 Bxf6 43.Rxa7 Bxb2
44.Ra6 Kg7 45.Rxc6 g5 46.a4 Bd4 47.a5 g4+ 48.fxg4  1-0

[Event "LII Nacional Abierto"]
[Site "Mexico City MEX"]
[Date "2006.04.11"]
[Round "1"]
[White "Almeida Saenz,A"]
[Black "Rojas Alarcon,J"]
[Result "1-0"]
[WhiteElo "2400"]
[BlackElo "2065"]

1.d4 Nf6 2.Nf3 g6 3.c4 Bg7 4.g3 O-O 5.Bg2 d6 6.Nc3 Nc6 7.O-O a6 8.b3 Rb8
9.d5 Na5 10.Nd4 Bd7 11.Bd2 c5 12.dxc6 Nxc6 13.Nxc6 Bxc6 14.e4 Rc8 15.Re1 b5
16.cxb5 axb5 17.Rc1 Qd7 18.Qe2 Qb7 19.Qd3 Nd7 20.Nd5 Nc5 21.Qe3 f5 22.Nb4 Bxe4
23.f3 Bc6 24.Nxc6 Qxc6 25.b4 Qd5 26.Bc3 Bxc3 27.Rxc3 Na4 28.f4 Qf7 29.Rd3 Kh8
30.Bd5 Qf6 31.Qxe7 Qxe7 32.Rxe7 Rc1+ 33.Kg2 Nc3 34.a3 Rc8 35.Bf3 Rc2+ 36.Kh3 Ne4
37.Bxe4 fxe4  1-0

[Event "LII Nacional Abierto"]
[Site "Mexico City MEX"]
[Date "2006.04.13"]
[Round "3"]
[White "Almeida Saenz,A"]
[Black "Sanchez Enr.,O"]
[Result "1/2-1/2"]
[WhiteElo "2400"]
[BlackElo "2203"]

1.d4 Nf6 2.Nf3 g6 3.c4 Bg7 4.g3 O-O 5.Bg2 d6 6.Nc3 Nc6 7.d5 Na5 8.Nd2 c5
9.a3 Ng4 10.Qc2 Ne5 11.b3 e6 12.Bb2 exd5 13.Nxd5 Bf5 14.Be4 Bxe4 15.Nxe4 f5
16.Nec3 Nac6 17.Nb5 Rc8 18.Nf4 a6 19.Nc3 Nd4 20.Qd1 Qd7 21.e3 Qc6 22.Ncd5 Ndf3+
23.Kf1 Rce8 24.h4 b5 25.Rc1 bxc4 26.bxc4 Rf7 27.Bc3 Rb7 28.h5 g5 29.h6 Bh8
30.Nh5 Re6 31.Ng7 Bxg7 32.hxg7 Rxg7 33.Rb1 Rb7 34.Kg2 g4 35.Qc2 Rf7 36.Rb8+ Kg7
37.Rh5 Rh6 38.Rxh6 Kxh6 39.e4 Nd4 40.Qc1+ f4 41.gxf4 Nd3 42.Qh1+ Kg7 43.Kg3 Qd7
44.Qh5 Qe6 45.Bxd4+ cxd4 46.f5 Qe5+ 47.f4 gxf3 48.Kxf3 Ne1+ 49.Kf2 Nd3+ 50.Kf3 Ne1+
51.Kf2 Nd3+ 52.Kf1 Qg3 53.Qe2 Ne5 54.Qg2 Qxg2+ 55.Kxg2 d3 56.Ne3 Rc7 57.Kf2 Nxc4
58.Nd5 Rf7 59.a4 a5 60.Rc8 Nb2 61.Ke3 Nxa4 62.Kxd3 Nc5+ 63.Ke3 Ra7 64.e5 dxe5
65.Rxc5 a4 66.Nc3 a3 67.Na2 Kf6 68.Rc2 Kxf5 69.Nc3 Rc7 70.Rf2+ Ke6 71.Kd3 h5
72.Rh2 Ra7 73.Na2 Kf5 74.Rxh5+ Kf4 75.Rh4+ Kf3 76.Rh3+ Kg4 77.Rh8 Ra4 78.Rf8 Rd4+
79.Ke3 Rf4 80.Rg8+ Kf5 81.Ra8 Rh4 82.Nc3 Rh3+ 83.Kd2 Rh2+ 84.Kd3 a2 85.Nxa2 e4+
86.Ke3 Rh3+ 87.Ke2 Rh2+ 88.Ke3 Rh3+ 89.Kf2 Rh2+ 90.Kg3 Rb2 91.Ra5+ Ke6 92.Kf4 Rh2
93.Kxe4 Rh4+ 94.Kd3 Kd6 95.Nc3 Kc6 96.Ne4 Rh3+ 97.Kd4 Rh4 98.Re5 Kb6 99.Kd5 Rh1
100.Kc4 Rh4 101.Re6+ Kc7 102.Kb5 Rh5+ 103.Nc5 Rh1 104.Rc6+ Kd8 105.Rd6+ Ke7
106.Kc6 Rc1 107.Rh6 Rc2 108.Kd5 Kf7 109.Ne4 Rb2 110.Nd6+ Kg7 111.Re6 Rd2+
112.Ke5 Re2+ 113.Ne4 Re1 114.Rd6 Kf7 115.Rd7+ Kg6 116.Rc7 Ra1 117.Rc6+ Kg7
118.Ng3 Re1+ 119.Kf5 Kf7 120.Rc7+ Re7 121.Rc1 Ra7 122.Re1 Ra5+ 123.Kg4 Ra7  1/2-1/2

[Event "LII Nacional Abierto"]
[Site "Mexico City MEX"]
[Date "2006.04.15"]
[Round "7"]
[White "Almeida Saenz,A"]
[Black "Prenzler,D"]
[Result "1-0"]
[WhiteElo "2400"]
[BlackElo "2179"]

1.d4 Nf6 2.Nf3 d6 3.g3 g6 4.Bg2 Bg7 5.c4 O-O 6.O-O c6 7.Nc3 Qa5 8.h3 Be6
9.Qd3 Qa6 10.b3 d5 11.Ne5 Rd8 12.Bb2 dxc4 13.Nxc4 Nd5 14.Ne4 Nd7 15.Ng5 Nf8
16.Rfd1 Rd7 17.e4 Nb6 18.Nxe6 Nxe6 19.d5 Bxb2 20.Nxb2 Qxd3 21.Nxd3 Rad8 22.Ne5 Rd6
23.Nc4 Nxc4 24.bxc4 cxd5 25.cxd5 Nc5 26.Rac1 b6 27.e5 R6d7 28.Rc4 Rc7 29.h4 Ne6
30.Ra4 Nc5 31.Rad4 Kf8 32.h5 Nd7 33.d6 exd6 34.Rxd6 Ke7 35.hxg6 Rh8 36.gxf7 Nxe5
37.Bh3 Kxf7 38.f4 Nc4 39.Be6+ Ke7 40.Bxc4 Rxc4 41.Rd7+ Ke6 42.R1d6+ Kf5 43.Kg2 Rc2+
44.Kh3 Rxa2 45.Re7 Ra5 46.Rh6 Rg8 47.Rhxh7 Rg6 48.Rhf7+ Rf6 49.g4+  1-0

[Event "SAP IM"]
[Site "Walldorf GER"]
[Date "2006.04.15"]
[Round "3"]
[White "Hasecic,S"]
[Black "Richter,Geo"]
[Result "1/2-1/2"]
[WhiteElo "2247"]
[BlackElo "2243"]

1.d4 Nf6 2.Nf3 g6 3.c4 Bg7 4.g3 O-O 5.Bg2 d6 6.O-O c6 7.Nc3 Nbd7 8.e4 e5
9.h3 a5 10.Be3 b5 11.dxe5 dxe5 12.cxb5 cxb5 13.Nxb5 Nxe4 14.Qd5 Rb8 15.Qxe4 Rxb5
16.Rfd1 Qe8 17.Qc4 Nb6 18.Qc1 Rb4 19.Bc5 e4 20.Bxb4 axb4 21.Nd4 Qe5 22.Nc6 Qxb2
23.Qxb2 Bxb2 24.Rab1 Na4 25.Ne7+ Kg7 26.Nxc8 Rxc8 27.Bxe4 Ba3 28.Rd4 Nc3
29.Rbxb4 Bxb4 30.Rxb4 Nxa2 31.Rb7 Nc3 32.Bf3 Rc5 33.Kf1  1/2-1/2

[Event "Open NOR-ch"]
[Site "Oslo NOR"]
[Date "2006.04.16"]
[Round "9"]
[White "Brynell,S"]
[Black "Bentsen,O"]
[Result "1-0"]
[WhiteElo "2488"]
[BlackElo "2211"]

1.d4 Nf6 2.c4 g6 3.g3 Bg7 4.Bg2 O-O 5.Nf3 d6 6.O-O Nbd7 7.Qc2 e5 8.Rd1 Qe7
9.Nc3 exd4 10.Nxd4 Nb6 11.b3 a6 12.e4 Rb8 13.h3 Bd7 14.Be3 h6 15.Re1 Kh7
16.Rad1 c5 17.Nde2 Nc8 18.Nf4 Bc6 19.a4 Re8 20.f3 b6 21.Bf1 Kh8 22.Bf2 Qb7
23.Be2 Nh7 24.h4 Nf8 25.Bf1 Bd7 26.Rd2 Ne6 27.Nxe6 Bxe6 28.Red1 Qe7 29.Nd5 Bxd5
30.Rxd5 Qf6 31.Qd3 Bf8 32.Be1 Kg8 33.Bc3 Qe6 34.Kh2 f6 35.Bh3 Qf7 36.Qc2 Na7
37.Rxd6 Bxd6 38.Rxd6 Kg7 39.Qb2 Kh7 40.Rxf6 Qc7 41.h5  1-0

[Event "32nd ch-IND w"]
[Site "Visakhapatnam IND"]
[Date "2006.04.16"]
[Round "17"]
[White "Meenakshi,S1"]
[Black "Gokhale,A"]
[Result "1-0"]
[WhiteElo "2289"]
[BlackElo "2198"]

1.d4 Nf6 2.c4 g6 3.Nf3 Bg7 4.g3 O-O 5.Bg2 d6 6.Nc3 Nbd7 7.O-O e5 8.e4 exd4
9.Nxd4 Re8 10.f3 a6 11.Be3 c5 12.Nc2 Ne5 13.b3 Qa5 14.Bd2 Qd8 15.Bf4 Nh5
16.Bd2 Nf6 17.Ne3 Nc6 18.Rc1 Nd4 19.Ne2 Bd7 20.Bc3 Nxe2+ 21.Qxe2 Bc6 22.Rfd1 Qe7
23.Rd3 Nh5 24.Qb2 Bh6 25.Rcd1 f5 26.Nd5 Bxd5 27.Rxd5 Be3+ 28.Kh1 Qg5 29.Bh3 Qh6
30.Qg2 fxe4 31.Rxd6 Qf8 32.Be6+ Rxe6 33.Rxe6 exf3 34.Qh3 Bd4 35.Bxd4 cxd4
36.Qg4 f2 37.Kg2 Ng7 38.Re5 d3 39.Rf1 Qf6 40.Rd5 Rf8 41.Rxd3 Nf5 42.Qf3 Qg5
43.Qd5+ Kh8 44.Rxf2 Re8 45.Qd7 Re7 46.Qd8+ Kg7 47.Kg1 Qc1+ 48.Rf1 Qg5 49.Rdf3 h5
50.Qd3 Kh6 51.b4 Qg4 52.Qd2+ Kh7 53.Qf4 Qh3 54.g4 Qxg4+ 55.Qxg4 hxg4 56.Rd3 Re4
57.Rd7+ Kh6 58.Rxb7 Rxc4 59.a4 Kg5 60.b5 axb5 61.a5 Ra4 62.Rxb5 Kh4 63.Rd1 Nd4
64.Rd5 Nf3+ 65.Kf2 Ra2+ 66.Ke3 Nxh2 67.Rd8  1-0

[Event "SAP IM"]
[Site "Walldorf GER"]
[Date "2006.04.19"]
[Round "9"]
[White "Hasecic,S"]
[Black "Zuse,KP"]
[Result "1/2-1/2"]
[WhiteElo "2247"]
[BlackElo "2298"]

1.d4 Nf6 2.Nf3 g6 3.c4 Bg7 4.g3 O-O 5.Bg2 d6 6.O-O a6 7.Nc3 Nc6 8.d5 Na5
9.Nd2 c5 10.Qc2 Rb8 11.b3 b5 12.Bb2 e5 13.dxe6 Bxe6 14.Nd5 bxc4 15.Nxf6+ Bxf6
16.Bxf6 Qxf6 17.bxc4 Rb2 18.Qc1 Rfb8 19.Rd1 Qe5 20.e3 Qf5 21.Qc3 Nxc4 22.Ne4 Ne5
23.Rxd6 c4 24.Rad1 Rb1 25.f4 Nd3 26.Rd8+ Rxd8 27.Rxb1 Nc5 28.Qa5 Rd5 29.g4 Nxe4
30.gxf5 Rxa5 31.fxe6 Nf6 32.Rb8+ Kg7 33.Rb7 c3 34.Rxf7+ Kh6 35.Rc7 Ra3 36.e7 c2
37.Kf2 Rxa2 38.Kf3 Ne8 39.Rc8 Kg7 40.Rxe8 c1=Q 41.Rg8+ Kxg8 42.e8=Q+ Kg7
43.Qe7+ Kh6  1/2-1/2

[Event "VII TCh-RUS w"]
[Site "Sochi RUS"]
[Date "2006.04.20"]
[Round "1"]
[White "Demina,J"]
[Black "Kirillova,V"]
[Result "1/2-1/2"]
[WhiteElo "2302"]
[BlackElo "2225"]

1.d4 Nf6 2.Nf3 g6 3.g3 Bg7 4.Bg2 O-O 5.c4 d6 6.O-O Nbd7 7.Nc3 e5 8.e4 c6
9.h3 a5 10.Re1 exd4 11.Nxd4 Nc5 12.Rb1 Re8 13.Bf4 Ne6 14.Nxe6 Bxe6 15.Qd3 Nd7
16.Qxd6 Bxc4 17.Rbd1 Be6 18.Rd2 Qb6 19.Red1 Qb4 20.a3 Qxd6 21.Rxd6 Ne5 22.Bxe5 Bxe5
23.R6d3 g5 24.Bf1 a4 25.R1d2 b5 26.Ne2 Bc4 27.Rd7 Be6 28.R7d3 c5 29.f4 gxf4
30.gxf4 Bc7 31.e5 b4 32.Bg2 Ra6 33.Bd5 Bf5 34.Rg3+ Rg6 35.Bc6 Rb8 36.Bxa4 bxa3
37.bxa3 Bxh3 38.Bc2 Rxg3+ 39.Nxg3 Bg4 40.Ne4 Bd8 41.Rg2 h5 42.Nf2 Kf8 43.Nxg4 hxg4
44.Rxg4 Rb2 45.Rg2 Ba5  1/2-1/2

[Event "VII TCh-RUS w"]
[Site "Sochi RUS"]
[Date "2006.04.23"]
[Round "4"]
[White "Shaidullina,S"]
[Black "Kirillova,V"]
[Result "1/2-1/2"]
[WhiteElo "2293"]
[BlackElo "2225"]

1.d4 Nf6 2.c4 g6 3.Nf3 Bg7 4.g3 O-O 5.Bg2 d6 6.O-O Nbd7 7.Nc3 c6 8.h3 e5
9.e4 a5 10.b3 Re8 11.Re1 exd4 12.Nxd4 Nc5 13.Rb1 Nfd7 14.Be3 Qb6 15.Qc2 Qa6
16.Red1 Qb6 17.Kh2 Qd8 18.a3 Qe7 19.b4 axb4 20.axb4 Ne6 21.Nde2 Nc7 22.Na4 h5
23.b5 h4 24.g4 g5 25.bxc6 bxc6 26.Nd4 Bxd4 27.Bxd4 Ne6 28.Be3 Nf4 29.Kh1 Qe5
30.Bd4 Qa5 31.Nb6 Nxb6 32.Bxb6 Qe5 33.Bd4 Qe6 34.Bb2 Ng6 35.c5 dxc5 36.Qxc5 Rb8
37.Qxg5 Rb5 38.Qf6 Qxf6 39.Bxf6 Be6 40.Rbc1 c5 41.e5 Rb2 42.Rxc5 Rxf2 43.Kg1 Ra2
44.Rf1 Rb8 45.Rc3 Rb4 46.Rd3 Nf4 47.Rd8+ Kh7 48.Rh8+ Kg6 49.Rg8+ Kh7 50.Rg7+ Kh8
51.Rg5+ Kh7 52.Rg7+ Kh8 53.Rg5+ Kh7 54.Rg7+  1/2-1/2

[Event "VII TCh-RUS w"]
[Site "Sochi RUS"]
[Date "2006.04.23"]
[Round "4"]
[White "Nebolsina,V"]
[Black "Komiagina,M"]
[Result "1-0"]
[WhiteElo "2274"]
[BlackElo "2341"]

1.d4 Nf6 2.Nf3 g6 3.c4 Bg7 4.g3 d6 5.Bg2 O-O 6.O-O c5 7.dxc5 dxc5 8.Ne5 Qb6
9.Nc3 Nbd7 10.Nd3 e5 11.Be3 Rb8 12.Qc1 Qa5 13.a3 a6 14.Nxc5 Nxc5 15.b4 Qc7
16.Bxc5 Rd8 17.Nd5 Nxd5 18.Bxd5 b6 19.Be3 Bf5 20.Bg5 Re8 21.e4 Bh3 22.Rd1 Kh8
23.Qc2 h6 24.Be3 Bg4 25.Rd2 f5 26.exf5 gxf5 27.f3 f4 28.fxg4 fxe3 29.Re2 e4
30.Rd1 b5 31.c5 Rbd8 32.Rxe3 Re5 33.Rxe4 Qe7 34.Rxe5 Qxe5 35.Bf3 Re8 36.Kg2 Rc8
37.Qe2 Qc3 38.Rd3 Qf6 39.Rd6 Qa1 40.Qd2 Qe5 41.c6 Qb2 42.Rxh6+ Kg8 43.Bd5+ Kf8
44.Qxb2 Bxb2 45.Rh7 Bg7 46.h4 Re8 47.h5 Re2+ 48.Kf3 Rd2 49.h6 Bb2 50.c7 Rc2
51.Rd7  1-0

[Event "VII TCh-RUS w"]
[Site "Sochi RUS"]
[Date "2006.04.23"]
[Round "4"]
[White "Demina,J"]
[Black "Severiukhina,Z"]
[Result "1/2-1/2"]
[WhiteElo "2302"]
[BlackElo "2189"]

1.d4 Nf6 2.Nf3 g6 3.g3 Bg7 4.Bg2 O-O 5.c4 d6 6.O-O Nbd7 7.Nc3 e5 8.e4 a5
9.h3 exd4 10.Nxd4 Nc5 11.Be3 Re8 12.Qc2 a4 13.Rad1 Bd7 14.Rfe1 c6 15.Bf4 Bf8
16.g4 Qa5 17.Qd2 Qb6 18.Bg5 Bg7 19.Qf4 Qxb2 20.Re3 Re6 21.Rb1 Qd2 22.Nf3 Qc2
23.Ne1 Qd2 24.Nf3 Qc2 25.Ne1 Qd2 26.Nf3 Qc2  1/2-1/2

[Event "XXIV Open"]
[Site "Metz FRA"]
[Date "2006.04.25"]
[Round "4"]
[White "Gorse,G"]
[Black "Vandervorst,M"]
[Result "1-0"]
[WhiteElo "2049"]
[BlackElo "1926"]

1.d4 Nf6 2.c4 d6 3.Nf3 g6 4.g3 Bg7 5.Bg2 O-O 6.O-O c6 7.Nc3 a6 8.a4 a5 9.d5 cxd5
10.cxd5 Na6 11.e4 Bg4 12.Be3 Nd7 13.h3 Bxf3 14.Bxf3 Ne5 15.Be2 Nb4 16.f4 Nd7
17.Rc1 Nc5 18.Bxc5 dxc5 19.Bc4 Qd7 20.Kh2 Rad8 21.Qe2 Kh8 22.Rcd1 Qc7 23.e5 f6
24.e6 f5 25.Nb5 Qb8 26.d6 Rfe8 27.d7 Rf8 28.Rfe1 Nc6 29.Bd5 Nd4 30.Nxd4 cxd4
31.Qb5 b6 32.Qc6 g5 33.Rf1 gxf4 34.gxf4 Bf6 35.Rc1 d3 36.Qb7 Bxb2 37.Qxb8 Rxb8
38.Rcd1 Ba3 39.Rxd3 Bd6 40.Bc4 Kg7 41.Rxd6 exd6 42.e7 Rfe8 43.Re1 Kf6 44.dxe8=Q Rxe8
45.Bb5 Rxe7 46.Rxe7 Kxe7 47.Kg2 Ke6 48.Kf3 Kd5 49.Ke3 Kc5 50.Kd3 h6 51.Bd7 d5
52.Bxf5 b5 53.axb5 a4 54.Kc3 d4+ 55.Kb2 Kxb5 56.Bd3+ Kb4 57.f5 a3+ 58.Ka2 Kc3
59.Bb1 d3 60.Bxd3  1-0

[Event "VII TCh-RUS w"]
[Site "Sochi RUS"]
[Date "2006.04.26"]
[Round "7"]
[White "Sirotkina,N"]
[Black "Komiagina,M"]
[Result "1-0"]
[WhiteElo "2277"]
[BlackElo "2341"]

1.d4 Nf6 2.Nf3 g6 3.g3 Bg7 4.Bg2 O-O 5.c4 d6 6.O-O Nc6 7.d5 Na5 8.Nfd2 Nd7
9.Na3 c5 10.Rb1 a6 11.b3 Rb8 12.Bb2 Bxb2 13.Rxb2 b5 14.cxb5 axb5 15.b4 cxb4
16.Rxb4 Ba6 17.Nf3 Nc4 18.Nc2 Rb6 19.Nfd4 Nc5 20.h4 Qc7 21.h5 Rfb8 22.Qc1 Qc8
23.hxg6 hxg6 24.Qg5 Qe8 25.Nc6 R8b7 26.Bf3 f6 27.Qh4 Kg7 28.Kg2 Qh8 29.Qg4 f5
30.Qf4 e5 31.dxe6 Nxe6 32.Qc1 Kf8 33.Rh1 Rh7 34.Rxh7 Qxh7 35.N2d4 Nxd4 36.Nxd4 Qh8
37.Ne6+ Kf7 38.Nf4 Qe5 39.Bd5+ Kf6 40.Qh1 Rb8 41.Qh4+ Kg7 42.Qg5  1-0

[Event "Classics GMA"]
[Site "Gausdal NOR"]
[Date "2006.04.27"]
[Round "5"]
[White "Romanishin,O"]
[Black "Dworakowska,J"]
[Result "1/2-1/2"]
[WhiteElo "2552"]
[BlackElo "2364"]

1.d4 Nf6 2.Nf3 g6 3.g3 Bg7 4.Bg2 O-O 5.c4 d6 6.O-O Nc6 7.Nc3 Rb8 8.b3 a6
9.Bb2 b5 10.cxb5 axb5 11.Rc1 b4 12.Na4 Na7 13.Qc2 c6 14.e4 Qa5 15.Rfe1 Qh5
16.h4 Qa5 17.Nd2 Be6 18.Qd3 Qb5 19.Bf1 Qxd3 20.Bxd3 Ne8 21.Rc2 Nb5 22.e5 Bd5
23.Nc4 Nec7 24.Ncb6 Rfd8 25.Nxd5 cxd5 26.Rec1 Ne6 27.Bxb5 Rxb5 28.Rc8 Rb8
29.Rxb8 Rxb8 30.Kf1 dxe5 31.dxe5 Bh6 32.f4 Kf8 33.Ke2 Ke8 34.Rc6 Kd7 35.Ra6 Kc7
36.Kd3 Bf8 37.Ra5 Kc6 38.Ra7 Nc7 39.Bd4 e6 40.Ra5 Rb5 41.Ra7 Rb8 42.Nb2 h5
43.Nd1 Ra8 44.Rxa8 Nxa8 45.Ne3 Nc7 46.Nc2 Ne8 47.Bf2 Bc5 48.Be1  1/2-1/2

[Event "Open B"]
[Site "Djakovo CRO"]
[Date "2006.05.03"]
[Round "5"]
[White "Karahmetovic,A"]
[Black "Armanda,I"]
[Result "1/2-1/2"]
[WhiteElo "2271"]
[BlackElo "2330"]

1.d4 Nf6 2.Nf3 g6 3.c4 Bg7 4.g3 O-O 5.Bg2 d6 6.Nc3 Nc6 7.d5 Na5 8.Nd2 c5
9.O-O a6 10.Rb1 Rb8 11.b3 b5 12.Bb2 bxc4 13.bxc4 e5 14.Qc2 Bh6 15.Ba1 Rxb1
16.Ncxb1 Bg4 17.Bc3 Bd7  1/2-1/2

[Event "RC SPORT Open"]
[Site "Usti nad Orlici CZE"]
[Date "2006.05.03"]
[Round "6"]
[White "Mlynek,P"]
[Black "Vinklarek,O"]
[Result "1-0"]
[WhiteElo "2256"]
[BlackElo "2039"]

1.d4 Nf6 2.c4 g6 3.Nf3 Bg7 4.g3 O-O 5.Bg2 d6 6.O-O Nbd7 7.Nc3 e5 8.e4 c6
9.h3 Re8 10.Be3 exd4 11.Nxd4 Nc5 12.Qc2 Qe7 13.Rfe1 Bd7 14.f3 Nh5 15.Kh2 Rad8
16.Rad1 a6 17.f4 g5 18.fxg5 Be5 19.Nde2 Ne6 20.h4 f6 21.Qc1 fxg5 22.Bxg5 Qg7
23.Rd3 Rf8 24.Bxd8 Rxd8 25.Bh3 Kh8 26.Bxe6 Bxe6 27.Qg5 Qf8 28.Kg1 Nf6 29.Rf1 h6
30.Qg6 Rd7 31.Rdf3 Rf7 32.Nf4 Bg4 33.Qxg4 Bd4+ 34.Kh1  1-0

[Event "4th TCh-SCG"]
[Site "Vrnjacka Banja SCG"]
[Date "2006.05.03"]
[Round "3"]
[White "Solak,D"]
[Black "Popovic,Du"]
[Result "1/2-1/2"]
[WhiteElo "2562"]
[BlackElo "2496"]

1.d4 Nf6 2.c4 g6 3.Nf3 Bg7 4.g3 O-O 5.Bg2 d6 6.Nc3 Nc6 7.O-O a6 8.e4 Bg4
9.Be3 Nd7 10.Qd2 e5 11.d5 Bxf3 12.Bxf3 Nd4 13.Bg2 c5 14.dxc6 bxc6 15.Ne2 c5
16.Nc3 Rb8 17.b3 a5 18.Rab1 Nb6 19.a4 Nc8 20.Nb5 Ne7 21.f4 Bh6 22.Rf2 f6
23.h4 Nec6  1/2-1/2

[Event "4th TCh-SCG"]
[Site "Vrnjacka Banja SCG"]
[Date "2006.05.04"]
[Round "4"]
[White "Lalic,D"]
[Black "Popadic,Dr"]
[Result "1/2-1/2"]
[WhiteElo "2355"]
[BlackElo "2268"]

1.Nf3 Nf6 2.g3 g6 3.Bg2 Bg7 4.c4 d6 5.d4 O-O 6.Nc3 Nc6 7.d5 Na5 8.Nd2 c5
9.O-O a6 10.Rb1 Rb8 11.a3 Ng4 12.Qc2 Ne5 13.Nd1 b5 14.cxb5 axb5 15.b4 cxb4
16.axb4 Nac4 17.Nb3 Bd7 18.f4 Ng4 19.Qd3 Qb6+ 20.Kh1 Ra8 21.h3 Nf6 22.e4 Rfc8
23.Re1 Ne8 24.g4 Ra4 25.Bd2 Ra2 26.Bc3 Bxc3 27.Nxc3 Rf2 28.Qg3 Na3 29.Rbc1 Rb2
30.Na5 Rxb4 31.Nc6 Bxc6 32.dxc6 Rb3 33.Nd5 Rxg3 34.Nxb6 Rb8 35.Nd5 Kf8 36.Ne3 h5
37.h4 Nc4 38.Nxc4 bxc4 39.gxh5 Rb2 40.Rg1 Rg4 41.Kh2 Rxh4+ 42.Kg3 Rxh5 43.Rxc4 Nc7
44.Ra1 Ke8 45.Bf3 Rb3 46.Kg2 Rb2+ 47.Kg3 Rb3 48.Kg2 Rb2+ 49.Kg3 Rb3  1/2-1/2

[Event "4th TCh-SCG"]
[Site "Vrnjacka Banja SCG"]
[Date "2006.05.06"]
[Round "6"]
[White "Sekulic,D"]
[Black "Popadic,Dr"]
[Result "0-1"]
[WhiteElo "2376"]
[BlackElo "2268"]

1.d4 Nf6 2.Nf3 g6 3.c4 Bg7 4.g3 d6 5.Bg2 O-O 6.O-O Nc6 7.Nc3 a6 8.b3 Rb8
9.Bb2 b5 10.d5 Na5 11.cxb5 axb5 12.Nd4 Bd7 13.Rc1 e5 14.Nc6 Nxc6 15.dxc6 Bc8
16.b4 Be6 17.e4 Bc4 18.Re1 Rb6 19.Bf1 Rxc6 20.Nxb5 Bxf1 21.Rxf1 Rxc1 22.Qxc1 Nxe4
23.Qxc7 Qa8 24.Nxd6 Nd2 25.Rc1 Nf3+ 26.Kh1 Ne1+ 27.Qc6 Nd3 28.Qxa8 Rxa8 29.Rc8+ Rxc8
30.Nxc8 Nxb2 31.b5 Na4 32.b6 Nc5 33.a4 e4 34.a5 Be5 35.Ne7+ Kf8 36.Nc6 Bd6
37.Nb4 Nd7 38.Nc6 Ke8 39.Kg2 Nc5 40.Nb4 Kd7 41.f3 exf3+ 42.Kxf3 Na4 43.Nd5 Kc6
44.Nf6 h5 45.h4 Bb4 46.a6 Nxb6 47.g4 Be7 48.Ne8 hxg4+ 49.Kxg4 Kd7 50.Ng7 Bf8
51.h5 Bxg7 52.hxg6 f6 53.Kf5 Kd6  0-1

[Event "May Roses Cup"]
[Site "Bucharest ROM"]
[Date "2006.05.07"]
[Round "3"]
[White "Cioara,A"]
[Black "Jianu,V"]
[Result "1/2-1/2"]
[WhiteElo "2422"]
[BlackElo "2496"]

1.d4 Nf6 2.Nf3 g6 3.g3 Bg7 4.c4 O-O 5.Bg2 d6 6.O-O c6 7.Nc3 Qa5 8.e4 Bg4
9.h3 Bxf3 10.Qxf3 e5 11.d5 cxd5 12.cxd5 Nbd7 13.a3 Rfc8 14.Be3 a6 15.Rfc1 Qd8
16.h4 Rc7 17.Qd1 h5 18.Bh3 Kh7 19.f3 Bh6 20.Bxh6 Kxh6 21.Kg2  1/2-1/2

[Event "ch-UKR sf"]
[Site "Alushta UKR"]
[Date "2006.05.14"]
[Round "2"]
[White "Muhtarov,L"]
[Black "Nesteretz,A"]
[Result "0-1"]
[WhiteElo "2136"]
[BlackElo "2347"]

1.Nf3 g6 2.g3 Bg7 3.d4 Nf6 4.Bg2 O-O 5.c4 d6 6.O-O Nc6 7.d5 Na5 8.Nfd2 c5
9.Nc3 a6 10.Qc2 Rb8 11.b3 b5 12.Bb2 bxc4 13.bxc4 e6 14.Nd1 exd5 15.cxd5 Bg4
16.f3 Rxb2 17.Nxb2 Nxd5 18.fxg4 Ne3 19.Qc1 Nxf1 20.Bxf1 Qf6 21.Rb1 Bh6 22.Nd1 c4
23.e3 d5 24.Qa3 Qd8 25.Nf3 Re8 26.Nd4 Bg7 27.Qc5 Bf8 28.Qb6 Qg5 29.Ra1 Bg7
30.Qxa5 Rxe3 31.Nxe3 Qxe3+ 32.Kh1 Bxd4 33.Qd8+ Kg7 34.Bg2 Bxa1 35.Qxd5 Qc1+  0-1

[Event "Hollinberger Mem"]
[Site "Indianapolis USA"]
[Date "2006.05.14"]
[Round "4"]
[White "Blocker,C"]
[Black "Van de Mortel,J"]
[Result "1/2-1/2"]
[WhiteElo "2390"]
[BlackElo "2412"]

1.d4 Nf6 2.c4 g6 3.Nf3 Bg7 4.g3 O-O 5.Bg2 d6 6.Nc3 c6 7.O-O Qa5 8.e4 e5 9.d5 cxd5
10.cxd5 b5 11.Nd2 b4 12.Na4 Ba6 13.Re1 Nbd7 14.b3 Rfc8 15.a3 Rab8 16.Bf1 Bxf1
17.Nxf1 Nc5 18.Nxc5 Qxc5 19.axb4 Qd4 20.Qxd4 exd4 21.Bf4 Rxb4 22.Rec1 Rd8
23.Nd2 Nh5 24.Kg2 Nxf4+ 25.gxf4 Rb7 26.Ra4 h6 27.Kf3 f5 28.Rac4 fxe4+ 29.Kxe4 Re7+
30.Kf3 Rdd7 31.Rc8+ Kh7 32.R1c6 Rf7 33.Ke4 Rde7+ 34.Kd3 Rxf4 35.R6c7 Ref7
36.Rxf7 Rxf7 37.Ne4 Be5 38.Rd8 Rb7 39.Nxd6 Rxb3+ 40.Ke4 Bxd6 41.Rd7+ Kg8
42.Rxd6 Kf7 43.Kxd4 Rf3 44.h4 h5 45.Ra6 Rxf2 46.Ke5 Re2+ 47.Kf4 Rf2+ 48.Ke5 Re2+
49.Kf4 Rf2+ 50.Ke5 Re2+  1/2-1/2

[Event "Caissa IM May"]
[Site "Kecskemet HUN"]
[Date "2006.05.20"]
[Round "2"]
[White "Sutorikhin,V"]
[Black "Dostan,J"]
[Result "0-1"]
[WhiteElo "2359"]
[BlackElo "2285"]

1.d4 Nf6 2.Nf3 g6 3.g3 Bg7 4.Bg2 O-O 5.c4 d6 6.Nc3 Nbd7 7.O-O e5 8.e4 exd4
9.Nxd4 Nb6 10.b3 Bg4 11.Qd3 Qc8 12.Re1 a5 13.Be3 Bh3 14.Bh1 Ng4 15.Bf4 Nd7
16.Rad1 Nc5 17.Qd2 Ne6 18.Nde2 f6 19.Nd4 Qd7 20.f3 Ne5 21.Be3 Ng5 22.Nd5 c5
23.Nb6 Qd8 24.Bxg5 Qxb6 25.Be3 cxd4 26.Bxd4 Qc7 27.Be3 Rfd8 28.Qf2 Qf7 29.Bb6 Rd7
30.Rd5 f5 31.exf5 Bxf5 32.f4 Ng4 33.Qd2 h5 34.Bxa5 Kh7 35.Bb4 Re8 36.Bxd6 Rxe1+
37.Qxe1 Qe6 38.Qxe6 Bxe6 39.Rd3 Bf5 40.Rd2 Bc3 41.Rd5 Be6  0-1

[Event "ch-FIN"]
[Site "Helsinki FIN"]
[Date "2006.06.12"]
[Round "3"]
[White "Parkkinen,J"]
[Black "Rehn,R"]
[Result "1-0"]
[WhiteElo "2218"]
[BlackElo "2099"]

1.d4 g6 2.Nf3 Bg7 3.g3 Nf6 4.Bg2 O-O 5.c4 d6 6.O-O c6 7.Nc3 Qc7 8.b3 e5 9.Qc2 Na6
10.Ba3 Rd8 11.Rad1 Ne8 12.dxe5 dxe5 13.Rxd8 Qxd8 14.Rd1 Qa5 15.Be7 Bf5 16.e4 Qc7
17.exf5 Qxe7 18.fxg6 hxg6 19.Qd2 Nc5 20.Ne1 Ne6 21.Qe3 Nd6 22.Bh3 Re8 23.Bxe6 Qxe6
24.Ne4 Nf5 25.Qxa7 Nd4 26.Qxb7 Qg4 27.f3 Nxf3+ 28.Nxf3 Qxe4 29.Qxf7+ Kxf7
30.Ng5+ Ke7 31.Nxe4 Bh6 32.Kf2 Ra8 33.a4 Rb8 34.Rd3 Bc1 35.Kf3 Rf8+ 36.Kg2 Rb8
37.h4 Ke6 38.g4 Bf4 39.a5 Rh8 40.a6 Rxh4 41.a7 Rh2+ 42.Kf1 Rh8 43.Rd6+ Ke7
44.Rxc6 Be3 45.Rxg6 Ra8 46.c5 Kd7 47.b4 Kc7 48.b5  1-0